000 00624nam a2200193Ii 4500
003 JO-AjNU
008 230605s9999||||xx |||||||||||||| ||und||
040 _aJO-AjNU
_bara
_erda
_cJO-AjNU
041 _aara
050 1 4 _aRC489.F35.H34 2005
100 3 _aحجار ، محمد حمدي,
_eauthor
_921882
245 0 0 _aالعلاج النفسي الذاتي بقوة التخيل
264 3 1 _aبيروت:مؤسسة الرساله ، 2005
300 _a264ص
336 _atext
_btxt
_2rdacontent
337 _aunmediated
_bn
_2rdamedia
338 _avolume
_bnc
_2rdacarrier
650 4 _aالعلاج النفسي
_921883
999 _aA7677
_c11245
_d11245